000 01507cam a22004334i 4500
003 PE-LiUPU
005 20250731183417.0
008 150623s r 000 0 d
035 _a(Sirsi) a29480
040 _aPE-LiUPU
_bspa
_cPE-LiUPU
_erda
082 0 4 _a701.1
_bH376h
_223
100 1 _aHauser, Arnold,
_eautor
_d1892-1978.
245 1 0 _aHistoria social de la literatura y del arte /
_cArnold Hauser ; traductores A. Tovar y F. P. Varas-Reyes.
250 _aDécimo sexta edición
264 1 _aBarcelona :
_bLabor,
_c1980.
300 _a3 tomos ;
_c20 centímetros.
336 _atext
_2rdacontent
337 _aunmediated
_2rdamedia
338 _avolume
_2rdacarrier
490 _a(Punto omega)
505 0 _aTomo 1: Tiempos prehistoricos. - Antiguas culturas urbanas orientales. - Grecia y roma. - Edad media. - Renacimiento.
505 0 _aTomo 2: El manterismo. - El barroco. - Rococo, clasicismo y romantisimo.
505 0 _aTomo 3: Naturismo e impresionismo. - Bajo el signo del cine.
526 _aP158
526 _aP146
526 _aP17
526 _aP12
526 _aP06
650 7 _aArte y sociedad
_2BLAAUTO
_92100
650 7 _aArte
_xHistoria
_2BLAAUTO
_92101
650 7 _aArte y literatura
_2BLAAUTO
_92102
700 _aTovar, A.,
_etraductor
_92103
700 _aVaras-Reyes, F. P.,
_etraductor
_92104
942 _2ddc
_cBK
_n0
980 _81
_gALBERTO SANCHEZ Responsable de Automatización
999 _c36841
_d36841